<?xml version="1.0" encoding="UTF-8"?><?xml-stylesheet type="text/xsl" href="static/style.xsl"?><OAI-PMH xmlns="http://www.openarchives.org/OAI/2.0/" xmlns:xsi="http://www.w3.org/2001/XMLSchema-instance" xsi:schemaLocation="http://www.openarchives.org/OAI/2.0/ http://www.openarchives.org/OAI/2.0/OAI-PMH.xsd"><responseDate>2026-04-14T05:31:43Z</responseDate><request verb="GetRecord" identifier="oai:www.recercat.cat:2072/410374" metadataPrefix="marc">https://recercat.cat/oai/request</request><GetRecord><record><header><identifier>oai:recercat.cat:2072/410374</identifier><datestamp>2026-03-13T03:20:05Z</datestamp><setSpec>com_2072_98</setSpec><setSpec>col_2072_378192</setSpec></header><metadata><record xmlns="http://www.loc.gov/MARC21/slim" xmlns:dcterms="http://purl.org/dc/terms/" xmlns:xsi="http://www.w3.org/2001/XMLSchema-instance" xmlns:doc="http://www.lyncode.com/xoai" xsi:schemaLocation="http://www.loc.gov/MARC21/slim http://www.loc.gov/standards/marcxml/schema/MARC21slim.xsd">
   <leader>00925njm 22002777a 4500</leader>
   <datafield ind2=" " ind1=" " tag="042">
      <subfield code="a">dc</subfield>
   </datafield>
   <datafield ind2=" " ind1=" " tag="720">
      <subfield code="a">Jiménez-Lara, Lidia</subfield>
      <subfield code="e">author</subfield>
   </datafield>
   <datafield ind2=" " ind1=" " tag="720">
      <subfield code="a">Llibre, Jaume</subfield>
      <subfield code="e">author</subfield>
   </datafield>
   <datafield ind2=" " ind1=" " tag="260">
      <subfield code="c">2011</subfield>
   </datafield>
   <datafield ind2=" " ind1=" " tag="520">
      <subfield code="a">The averaging theory of first order is applied to study a generalized Yang-Mills system with two parameters. Two main results are proved. First, we provide sufficient conditions on the two parameters of the generalized system to guarantee the existence of continuous families of isolated periodic orbits parameterized by the energy, and these families are given up to first order in a small parameter. Second, we prove that for the nonintegrable classical Yang-Mills Hamiltonian systems, in the sense of Liouville-Arnold, which have the isolated periodic orbits found with averaging theory, cannot exist in any second first integral of class C1. This is important because most of the results about integrability deals with analytic or meromorphic integrals of motion.</subfield>
   </datafield>
   <datafield ind2="0" ind1="0" tag="245">
      <subfield code="a">Periodic orbits and non-integrability of generalized classical Yang-Mills Hamiltonian systems</subfield>
   </datafield>
</record></metadata></record></GetRecord></OAI-PMH>